Ranking KSW - Kategoria średnia - Statystyki

Ogólne statystyki
  • Ten quiz został rozwiązany 61 razy
  • Średni wynik to 8 z 11
Statystyki odpowiedzi
Pozycja Zawodnik Narodowość % Poprawnych
Champion Paweł Pawlak Polska
93%
4 Tomasz Romanowski Polska
88%
1 Mamed Chalidow Polska
86%
2 Piotr Kuberski Polska
82%
3 Damian Janikowski Polska
81%
8 Laid Zerhouni Francja / Algieria
75%
7 Michał Materla Polska
75%
6 Radosław Paczuski Polska
72%
5 Michał Michalski Polska
61%
9 Albert Odzimkowski Polska
46%
10 Bartosz Fabiński Polska
35%
Nie znaleziono quizów pasujących do podanych kryteriów
Rozkład punktacji
Procent ludzi z każdym wynikiem
Percentyl według liczby udzielonych odpowiedzi
Twoja historia wyników
Nie rozwiązałeś tego quizu